000 00616nam a2200229Ia 4500
003 OSt
005 20221007081951.0
006 a|||||r|||| 00| 0
007 ta
008 221006b |||||||| |||| 00| 0 eng d
024 _a26,615
037 _cTextual
040 _aFLL
_cFLL
_beng
041 _2eng
_aeng
082 _aZ73:12, K8
100 _aClark Homer H.
_9698396
245 0 _aLaw of domestic relations
260 _aSt. Paul ,
_bMinn. West Publishing Co. St..Minn.
_c1968
300 _axix,1-754p
_ccm.
942 _hZ73:12, K8
_cTEXL
_2CC
999 _c1164881
_d1164881